00878nam a2200229Ia 4500003000900000008004100009020002200050040001600072080001900088245012600107260003600233300001000269650003400279650003700313650003700350700003400387700003200421700003700453942000700490999001700497952013400514IN-BaIIA211028s9999 xx 000 0 eng d a978-0-8243-0946-6 cIIA Library a(05)52bANN-46 0aAnnual review of astronomy and astrophysicsbvol. 46cedited by Roger Blandford, Ewine Fleur van Dishoeck and J Kormendy aPalo AltobAnnual Reviewsc2008 a585p. aAstronomy - periodicals94087 aAstronomy and astrophysics92815 aAstrophysics - periodicals94088 aBlandford, Roger., ed.928594 aKormendy, John., ed.932147 avan Dishoeck, Eurine, ed.932148 cBK c17089d17089 00104070aBANbKAVcGENd2008-10-18eOUP g500.00l0o(05)52/ ANN-46p18011r2021-11-05v500.00w2008-10-18yBKGRs. 500.00